[Event "Beersheba 16th"]
[Site "Beersheba"]
[Date "1997.02.24"]
[Round "1"]
[White "Avrukh, Boris"]
[Black "Mikhalevski, Alexander"]
[Result "1/2-1/2"]
[WhiteElo "2520"]
[BlackElo "2470"]
[Annotator "Avrukh,B"]
[PlyCount "79"]
[EventDate "1997.02.24"]
[EventType "tourn"]
[EventRounds "11"]
[EventCountry "ISR"]
[EventCategory "12"]
[SourceTitle "CBM 058"]
[Source "ChessBase"]
[SourceDate "1997.06.01"]
[SourceVersion "1"]
[SourceVersionDate "1997.06.01"]
[SourceQuality "1"]

1. d4 Nf6 2. c4 e6 3. Nf3 b6 4. e3 Bb7 5. Bd3 d5 6. Nc3 Nbd7 7. O-O Bd6 (7...
dxc4 8. Bxc4 a6 $5 {A.Mikhalevski}) 8. b3 (8. Qc2 c5 $1) 8... O-O 9. Bb2 c5 (
9... a6 {another theoretical move.}) (9... dxc4 10. bxc4 c5 {Mikhalevski,A.}
11. Qe2 $14) (9... Ne4 10. cxd5 exd5 11. Qc2 Nxc3 12. Bxc3 Nf6 13. Rfd1 Qe7 14.
b4 $5 Ne4 15. Be1 c6 16. Qb2 a6 17. Rac1 Rac8 18. a4 $14 {Averbah-Furman 1955.}
) 10. cxd5 exd5 {the best capture.} 11. Qe2 (11. Rc1) 11... a6 (11... Re8 12.
Rfd1 $1 (12. Ba6 Qc8 13. Bxb7 Qxb7 14. Rfd1 Rac8 15. Rac1 $14)) 12. Rfd1 (12.
Bf5 $5 {[%cal Gf5c8]}) 12... Qe7 (12... b5 13. dxc5 Nxc5 14. Rac1 Re8 15. Bc2
Rc8 16. Bf5 Rc7 17. Qe1 $1 b4 18. Ne2 Nce4 19. Rxc7 Qxc7 20. Rc1 Qd8 21. Qd1
$14 {Ivanchuk-Gelfand 1996}) (12... Ne4 13. Bxe4 $1 (13. dxc5 Nxc3 14. Bxc3
bxc5 15. Qb2 $2 d4 $1 $40) 13... dxe4 14. Nd2 $1 (14. Ne5 cxd4 15. exd4 (15.
Nxd7 dxc3 16. Bxc3 Qxd7 17. Bb4 $10) 15... Nf6 $10) 14... Qe7 (14... cxd4 15.
Ncxe4 $36 Bxe4 16. Nxe4 Bxh2+ 17. Kxh2 (17. Kf1 $5) 17... Qh4+ 18. Kg1 Qxe4 19.
Rxd4 $36) 15. Nc4 {with advantage.}) (12... Re8 13. Rac1 (13. Bf5 $142) 13...
Ne4 14. h3 Ndf6 15. Ne5 cxd4 16. exd4 Nxc3 17. Bxc3 Ne4 18. Bb2 b5 19. Bxe4
dxe4 $11 {0-1 Pushkov,N-Moizhess,I/RUS-ch Orel 1992 (33)}) 13. Rac1 (13. Bf5
$142) 13... Rfe8 $2 (13... Ne4 $1 14. dxc5 (14. Na4 c4 $1 15. Bxe4 dxe4 16. Ne5
Bxe5 17. dxe5 b5 18. Rxd7 Qxd7 19. Nb6 Qd3 $1) 14... Nxc3 15. Bxc3 bxc5 $10)
14. Bf5 $1 cxd4 (14... Rad8 15. Rc2 {And very difficult to find move for black,
except 15..cd.} (15. Bxd7 Nxd7 (15... Qxd7 $2 16. Na4 $18) 16. dxc5 Nxc5 $14) (
15. Na4 $6 c4 $1) (15. dxc5 bxc5 16. Bxd7 (16. Na4 d4 $13) 16... Qxd7 17. Na4
Ne4 $15)) 15. Nxd4 $16 Qe5 (15... Nc5 $142) (15... Rad8 16. Bh3 {[%cal Gd4f5]})
16. g3 Nc5 17. Bh3 $1 {threating 24Nh6} Bf8 18. Nf5 d4 (18... Qb8 19. Bg2 Rd8 (
19... Nce4 20. Nxe4 Nxe4 21. Bxg7 Bxg7 22. Qg4 Qe5 23. Rc7 $16) 20. b4 Ne6 21.
Na4 $1) 19. Nxd4 Rad8 20. Bg2 Qb8 21. Nf5 (21. Bxb7 Qxb7 22. Qf3 $2 Rxd4 $1 $19
) (21. Nc6 $2 Rxd1+ 22. Rxd1 Qa8) (21. Qf1 b5 22. Bxb7 Qxb7 23. Qg2 Nce4 (23...
Qb6 $16) 24. Nxe4 Nxe4 25. f3 $5 $16) (21. Na4 $5 Nxa4 (21... Nce4 22. f3 (22.
Nxb6 $16 Nxf2) 22... b5 23. Nc3 Nxc3 24. Bxc3 Nd5 25. Bd2 $16) 22. bxa4 $16) (
21. b4 Nce4 (21... Ncd7 22. Nc6 Bxc6 (22... Qa8 23. Na4 $18) 23. Bxc6 Bxb4 24.
Qxa6 $16) 22. Nxe4 Nxe4 23. f3 (23. a3 b5 $1) 23... Nf6 24. a3 $16 {[Avrukh,B]}
) 21... Bxg2 22. Kxg2 Qb7+ 23. Kg1 (23. Qf3 $2 Qxf3+ 24. Kxf3 Nd3 $1) 23... b5
$1 24. Rxd8 (24. b4 Ncd7 25. a3 Ne5 $132) (24. f3 $5) 24... Rxd8 25. Rd1 Rxd1+
(25... Rc8 26. f3 (26. Nb1 $16) 26... b4 27. Nb1 $16) 26. Qxd1 (26. Nxd1 {
with idea 27 f3.}) 26... b4 27. Ne2 Qe4 (27... Qf3 $6 28. Nh4 $1 Qe4 29. Bxf6
gxf6 30. Nd4 $18) 28. Nh4 $2 $138 (28. Nfd4 Ng4 $36 {[%cal Ge4h1]}) (28. Bxf6
Qxf5 29. Bd4 Ne4 30. Nf4 (30. Qe1 Ng5 $1) 30... Nc3 $1 $44) (28. Nh6+ $1 gxh6
29. Bxf6 Qf3 30. Bb2 Ne4 31. Qf1 Bc5 (31... Nd2 32. Qe1 Qd5 33. Nd4 Nf3+ 34.
Nxf3 Qxf3 35. Qd2 $1) 32. Nf4 $1 Kf8 (32... Nxf2 33. Bd4 $18) 33. Qe2 Qxe2 34.
Nxe2 $18) 28... Ng4 $1 29. Qd4 $2 (29. Bd4 Qh1+ 30. Kxh1 Nxf2+ 31. Kg2 Nxd1 32.
Kf3 $1 $11) 29... Qb1+ 30. Kg2 $2 (30. Bc1 Nxf2 31. Kxf2 Nd3+ 32. Kg2 Qc2 33.
Kf3 Nxc1 34. Nxc1 Qxc1 35. Qd3 $11) 30... Nxf2 $6 $138 (30... Ne4 $1 31. Bc1 (
31. f3 Qe1 $17) (31. Nf5 Qe1 (31... Nexf2 32. Nh6+ Nxh6 33. Kxf2 Qxa2 $17) 32.
Ne7+ Kh8 33. Qd8 Qxf2+ 34. Kh3 Ng5+ 35. Kxg4 Qxe2+ 36. Kxg5 Qxe3+ 37. Kf5 Qxe7
$17) 31... Ngxf2 32. Qb2 Qd3 $1) 31. Kxf2 Nd3+ 32. Kg2 Nxb2 33. Nf5 $1 Qxf5 $2
(33... g6 $1 34. Nd6 Bxd6 (34... Qxa2 35. Ne8 Qxb3 36. Nf6+ Kh8 37. Qd8 Kg7 38.
Ne8+ Kh8 39. Nf6 $10) 35. Qxd6 Qe4+ 36. Kh3 Nd3 (36... Qxe3 37. Nf4 $1) 37.
Qd8+ Kg7 38. Qd4+ Kh6 $1 39. Qxe4 Nf2+ 40. Kg2 Nxe4 41. Kf3 f5 $1 $17 {[%csl
Ra2][%cal Ge4c3]}) (33... Qxa2 34. Qd8 g6 35. Ne7+ Kg7 36. Qd4+ f6 37. Nd5 Qxb3
38. Qxf6+ Kg8 39. Qe6+ $11) 34. Qxb2 Qe4+ 35. Kf2 Qh1 36. h4 Qh2+ 37. Kf3 Qh1+
38. Kf2 Qh2+ 39. Kf3 Qh1+ 40. Kf2 1/2-1/2

[Event "St Petersburg-ch"]
[Site "St Petersburg"]
[Date "1997.??.??"]
[Round "3"]
[White "Taimanov, Mark E"]
[Black "Romanovich, Leonid"]
[Result "1/2-1/2"]
[WhiteElo "2425"]
[BlackElo "2340"]
[Annotator "Avrukh,B"]
[PlyCount "74"]
[EventDate "1997.03.04"]
[EventType "swiss"]
[EventRounds "9"]
[EventCountry "RUS"]
[SourceTitle "CBM 058"]
[Source "ChessBase"]
[SourceDate "1997.06.01"]
[SourceVersion "1"]
[SourceVersionDate "1997.06.01"]
[SourceQuality "1"]

1. Nf3 c5 2. e3 Nf6 3. b3 e6 4. Bb2 b6 5. c4 Bb7 6. d4 Be7 7. Bd3 cxd4 8. exd4
O-O 9. O-O d5 10. Nbd2 Nc6 11. Rc1 Rc8 12. Qe2 (12. Re1 {Avrukh,B} Re8 13. Ne5
Bf8 14. Ndf3 Nxe5 15. Nxe5 Rc7 16. c5 bxc5 17. Bb5 $1 $16 {Karpov,A-Andersson,
U/Tilburg 1980/1-0 (81)}) 12... Ba6 $146 ({More popular is 12...Re8; f.e.} 
12... Re8 13. Rfd1 (13. Rfe1 Bf8 14. Ne5 g6 15. Qe3 Nxe5 16. dxe5 dxc4 17. Nxc4
Bc5 18. Qh3 Nd5 19. Bf1 Re7 20. Re4 Rec7 21. Rd1 Rd7 22. Rd3 Bf8 23. Rh4 Bg7
24. a4 h5 25. Bc1 Ba6 $15 {0-1 Wesseln,K-Borik,O/Delmenhorst 1986 (38)}) 13...
Bf8 14. Nf1 (14. Qe3 g6 15. h3 Nh5 16. Nf1 Qd6 17. N1h2 Bg7 18. Ne5 dxc4 19.
bxc4 Nxe5 20. dxe5 Qc5 21. Bd4 Qc6 22. Bf1 Red8 23. Ng4 Rd7 24. Rd2 Rcd8 25.
Rcd1 Qe4 $11 {Keres,P-Taimanov,M/Tallinn 1975/1-0 (54)}) 14... g6 15. Ne3 Bg7
16. Bb1 dxc4 17. bxc4 Re7 18. d5 exd5 19. cxd5 Na5 20. Rxc8 Bxc8 21. Qd3 Ne8
22. Bxg7 Kxg7 23. h4 Qd6 24. Qc3+ $16 {1-0 From,S-Nielsen,H/cr 1983}) (12...
Bd6 {Avrukh,B} 13. Ne5 Qe7 14. Ndf3 Ne4 15. Nxc6 Bxc6 16. Ne5 Bb7 17. f3 Nf6
18. Rfe1 Rfd8 19. Qe3 Ba3 20. Bxa3 Qxa3 21. Rc2 dxc4 22. bxc4 Qb4 {Lagha,
K-Radulov,I/Lugano ol 1968/0-1 (71) And black has no problems.[Avrukh,B]}) (
12... Qc7 {Avrukh,B} 13. a3 dxc4 14. bxc4 Qf4 15. Rfd1 Rfd8 16. Nf1 Bf8 17. Ne3
Na5 18. d5 Nb3 19. Rb1 Nc5 20. Be5 Qh6 21. Bc2 Ncd7 22. Bb2 Bc5 23. Nd4 Re8 24.
Ba4 exd5 25. cxd5 Qg6 26. Qf3 Bxd4 27. Bxd4 $16 {1-0 Pachman,L-Darga,K/EU-chT
Wien\Baden 1957 (36) [Avrukh,B]}) 13. Rfd1 Nh5 $5 (13... Na5 14. Ne5 {[Avrukh,
B]}) 14. Qe3 (14. g3 {[%cal Ga8h1]} Nf6 $11) 14... Na5 15. g4 $2 {Playing with
fire , white weakens position of his own king, hoping , that their activity
will compensate it.[Avrukh,B]} (15. Ne5 Bg5 16. Qh3 g6 $15) (15. Rc2 {was more
accurate, with idea to play 16Rdc1,and maybe 16Ne5andQh3.[Avrukh,B]}) 15... Nf6
16. Ne5 Nd7 $1 {Black at once changes one knight,and their presure on whit's
centre becomes very unpleasant.[Avrukh,B]} 17. Ndf3 $2 (17. Nxd7 Qxd7 18. Nf3
$2 dxc4 19. Ne5 Qd5 $19) (17. Nxd7 Qxd7 18. cxd5 $1 {The best chance to hold
position.} Bxd3 (18... Rxc1 19. Rxc1 Bxd3 20. dxe6 {the same.}) 19. dxe6 Qxe6 (
19... Rxc1 20. Rxc1 Qb5 (20... Qxe6 21. Qxd3 Qxg4+ 22. Qg3 $14) 21. a4 Qa6 22.
Rc7 $40) 20. Qxd3 Qxg4+ 21. Qg3 Qxg3+ 22. hxg3 $11) 17... Nxe5 18. Nxe5 dxc4
19. bxc4 g6 {with idea 20...f6} 20. Bf1 f6 21. Nf3 Qd7 $17 22. Nd2 (22. c5 {
Avrukh,B} Bxf1 23. Rxf1 (23. Kxf1 Qd5 (23... bxc5 24. dxc5 Qb5+ 25. Kg2 (25.
Qe2 Rxc5 $17 (25... Qxe2+ 26. Kxe2 Rxc5)) 25... e5 26. Ba1 (26. Bc3 $142) 26...
Rxc5 27. Rxc5 Bxc5 28. Qe4 {And white has some contrchances.[Avrukh,B]}) 24.
Re1 Rc6 {And black has big positional advantage.[Avrukh,B]}) 23... bxc5 24.
dxc5 e5 $1 {[%cal Gd7g4]} 25. h3 Qb5 $17 {[Avrukh,B]}) 22... Bb4 23. c5 Bxd2
24. Qxd2 Bxf1 25. Rxf1 (25. Kxf1 $2 {Avrukh,B} Qd5 $17 {[%cal Gd5h1,Gd5a2]})
25... Qd5 26. Bc3 Nc6 (26... Nc4 {Avrukh,B} 27. Qe2 bxc5 28. dxc5 Rxc5 $2 29.
Rfd1 (29. Bb4) 29... Qc6 30. Bd4 $18 {[Avrukh,B]}) 27. cxb6 axb6 28. Qe2 f5 (
28... Ra8 29. Rc2 (29. Rfe1 e5 30. dxe5 (30. Qe4 Qxe4 31. Rxe4 Ra4 $1 $17)
30... Rxa2) 29... Ra4 $1 $17 {[Avrukh,B]}) 29. Rb1 Rce8 30. Rxb6 fxg4 (30... e5
31. dxe5 Nxe5 32. Bxe5 Rxe5 33. Qc2 fxg4 34. Rxg6+ hxg6 35. Qxg6+ Kh8 36. Qh6+
$11 {[Avrukh,B]}) (30... Nxd4 31. Bxd4 Qxd4 32. Rxe6 Qxg4+ $11) 31. Rb5 (31.
Qxg4 $6 Rf5 $1 {[%cal Gf5g5]} 32. h4 Ref8 {with attacking chances for white.
[Avrukh,B]}) 31... Nxd4 (31... Qf3 32. Qe3 $5 {[Avrukh,B]} (32. Qxf3 Rxf3 (
32... gxf3 33. Re1 $13) 33. Rc5 Ne7 34. Re1 Nd5 35. Rxd5 Rxc3 $11)) 32. Bxd4
Qxd4 33. Re5 Rb8 34. Re4 $1 $11 (34. Rd1 Qa4 35. Rxe6 Rb2 36. Rd2 Rb1+ 37. Kg2
Qa3 (37... Qa8+ 38. Qe4 $11) 38. Qxg4 Qc1 39. Rxg6+ $11 {[Avrukh,B]}) 34... Rb2
35. Qxg4 Qd5 36. Qxe6+ Qxe6 37. Rxe6 Rxa2 1/2-1/2

[Event "Hotel Agro GM"]
[Site "Budapest"]
[Date "1999.08.05"]
[Round "7"]
[White "Ovsejevitsch, Sergei"]
[Black "Bellini, Fabio"]
[Result "1-0"]
[WhiteElo "2515"]
[BlackElo "2418"]
[Annotator "Avrukh,B"]
[PlyCount "121"]
[EventDate "1999.08.05"]
[EventType "tourn"]
[EventRounds "9"]
[EventCountry "HUN"]
[EventCategory "10"]
[SourceTitle "CBM 073"]
[Source "ChessBase"]
[SourceDate "1999.12.01"]
[SourceVersion "1"]
[SourceVersionDate "1999.12.01"]
[SourceQuality "1"]

1. d4 Nf6 2. c4 e6 3. Nc3 d5 4. Nf3 Nbd7 5. e3 Be7 6. Bd3 O-O 7. O-O b6 8. cxd5
exd5 9. b3 Bb7 10. Bb2 Re8 11. Rc1 a6 (11... Bd6 $2 12. Nb5) (11... Bf8 $143
12. Ne2 {[%cal Ge2g3,Gd3b5]} Bd6 (12... a6 $143) 13. Bb5 {[%csl Gc6]} a6 14.
Bc6 Bxc6 15. Rxc6 Re6 16. Qc1 $16 {1-0 Kharitonov,A-Mitenkov,A/Moscow5 1995 
(39)}) 12. Ne2 (12. Qc2 {[%cal Gf3e5]} Bf8 (12... Bd6 $142) 13. Ne2 {[%csl Gc7]
} c5 14. Ne5 g6 15. Nf4 Bg7 16. Rfd1 cxd4 (16... Nxe5 17. dxe5 Nd7 18. e6 fxe6
19. Bxg6 Bxb2 20. Bxe8 Bxc1 21. Bxd7 (21. Bf7+ Kxf7 22. Qxh7+ Kf6 23. Qg6+ Ke7
24. Qxe6+ Kf8 25. Qh6+ $11) 21... Qxd7 22. Qxc1 $13) 17. Nxd7 Nxd7 18. Bxd4 (
18. Qc7 $5 Qxc7 19. Rxc7 Nc5 20. exd4 Nxd3 21. Nxd3 Rab8 $14 {[%cal Ge8c8]})
18... Bxd4 19. exd4 Rc8 20. Qd2 Qe7 $11 {Hodgson,J-Van der Wiel,J/Groningen
1994/1-0 (124)}) (12. Ne5 $5) 12... Bd6 13. Ng3 g6 14. Qc2 {[%csl Gc7][%cal
Gf3e5]} c5 $6 {Dubious decision,now black will be always in danger,that white
in some moment could take on c5 and open a1-h8 diagonal,which is weakenning by
g6 move.} (14... Rc8 $142 15. Qe2 {[%csl Ga6]} Ra8 16. Rc2 (16. Qc2 $11) 16...
Qe7 (16... Ne4 17. Rfc1 f6 18. Nf1 Nf8 19. N3d2 Ne6 $11 {0-1 Sokolov,I-Almasi,
Z/Groningen 1994 (44)}) 17. Rfc1 Rec8 18. Nd2 h5 19. f3 Re8 20. Ndf1 Nf8 $15 {
Malaniuk,V-Yemelin,V/Novgorod op 1995/1-0 (53)}) 15. Rfe1 (15. Rfd1 {looks
more logical}) 15... Qe7 16. a4 (16. dxc5 bxc5 {is too early for white.}) (16.
Qb1 $5 {[%cal Gb1a1]}) 16... Rac8 17. Qb1 {Now white idea is clear to play Qa1
and a5 with idea to take control under d4-square.} Ne4 18. dxc5 (18. Qa1 $5)
18... bxc5 $2 {[%mdl 32]} (18... Ndxc5 19. Bd4 $14 (19. Bc2 $143 Nxg3 20. hxg3
Ne4 {[%csl Gb4][%cal Gd6b4] and black is ok})) 19. Bxe4 dxe4 20. Nd2 $16 {
[%csl Ga6,Gc5,Ge4]} Be5 (20... Qe6 21. Red1 {[%cal Gd2e4]}) 21. Nc4 $2 (21.
Bxe5 $142 $1 Qxe5 22. Red1 {[%csl Rd6,Gd7][%cal Gd2c4,Gd2e4]} Rc7 23. Nc4 Qe6 (
23... Qe7 24. Nd6 Rb8 25. Nxb7 Rcxb7 26. Qxe4 $18) 24. Rd6 Qe7 25. Rcd1 $16)
21... Bxb2 22. Qxb2 Ne5 $6 (22... Bd5 $1 23. Red1 (23. Ne2 $140 {[%cal Ge2f4]}
Bxc4 24. Rxc4 $2 (24. bxc4 $142) 24... Ne5 25. Rxe4 f5 $1 $19 {[%cal Ge5d3]})
23... Bxc4 24. Rxc4 f5 {[%cal Gd7e5]} 25. b4 $11) 23. Nxe5 Qxe5 24. Qxe5 Rxe5
25. Red1 a5 (25... Rd5 26. Rxd5 Bxd5 27. b4 c4 28. Ne2 $14 {[%cal Ge2c3]}) 26.
Rd6 Rc6 (26... Bd5 {[%csl Gb3]} 27. Rb6 {[%cal Gb6b5]}) 27. Rd8+ Kg7 28. Nf1
Rb6 29. Nd2 Ba6 30. h3 Bd3 $2 (30... f5 $142 31. Rd7+ Kf6 32. Rc7 Rd5 33. Nc4
Bxc4 34. bxc4 Rd2 35. Rxc5 Rbb2 36. Rf1 Rdc2 {and black makes draw easily.})
31. Rc8 (31. f4 $1 Ree6 (31... Rh5 32. Kh2 {[%cal Gg2g4]} c4 $8 33. Nxc4 Rxb3
34. Nd6 $1 Rb2 35. Rc7 {[%csl Gf7]} Bf1 36. Kg1 $1 Rb1 37. Kf2 $18) 32. Rxc5
Rec6 33. Rdd5 $18) 31... c4 32. R1xc4 $1 (32. Nxc4 Bxc4 33. bxc4 Rb2 $1 {
[%cal Ge5f5]} 34. c5 Rf5 35. Rf1 Rc2 36. c6 Rfc5 37. Ra8 Rxc6 38. Rxa5 Ra2 $11)
32... Bxc4 33. Nxc4 Ree6 34. Nxb6 Rxb6 35. Rc5 Rxb3 36. Kh2 $1 {[%mdl 4096]
Very important move,white activate his king and it becones clear,that black
cannot to hold this rookending.} (36. Rxa5 $143 h5 {[%cal Gh5h4]} (36... Rb2
37. g4 {[%cal Gg1g2,Gg2g3]}) 37. h4 Rb2 {and black has good chances to escape.}
) 36... Ra3 37. Rxa5 h5 38. Kg3 Ra2 39. h4 Kf6 40. Ra7 Ke6 41. a5 Ra3 (41...
Kf6 42. a6 Kg7 43. Ra8 Kh7 44. f3 $1 f5 (44... exf3 45. gxf3 $18) 45. fxe4 fxe4
46. Kf4 Ra4 47. Ke5 Kg7 48. Kd5 Kh7 49. Kc6 $18) 42. a6 Kf6 43. Ra8 Kf5 44. Ra7
Kf6 45. Kf4 Ra2 46. Kxe4 Rxf2 47. g3 g5 (47... Ra2 48. Kd5 Ra3 49. e4 Rd3+ 50.
Kc6 Rxg3 51. Rc7 Ra3 52. a7 $18) 48. Rc7 gxh4 49. a7 Ra2 50. gxh4 {[%cal Ge4d5]
} Ke6 51. Kd4 {[%cal Gd4c5,Gc5b6]} Kd6 52. Rxf7 Ra4+ 53. Kc3 Kc5 54. e4 Ra3+
55. Kb2 Ra6 56. Kb3 Ra1 57. Rd7 Kc6 58. Rh7 Ra5 59. Kc4 Ra4+ 60. Kc3 Ra3+ 61.
Kb4 {61...Ra162Rh5-Ra763Rh6 with next Rh7.} 1-0

[Event "MK Cafe Cup-A"]
[Site "Koszalin"]
[Date "1999.08.03"]
[Round "1"]
[White "Malaniuk, Vladimir P"]
[Black "Hracek, Zbynek"]
[Result "1/2-1/2"]
[WhiteElo "2525"]
[BlackElo "2629"]
[Annotator "Avrukh,B"]
[PlyCount "51"]
[EventDate "1999.08.03"]
[EventType "swiss"]
[EventRounds "9"]
[EventCountry "POL"]
[SourceTitle "CBM 073"]
[Source "ChessBase"]
[SourceDate "1999.12.01"]
[SourceVersion "1"]
[SourceVersionDate "1999.12.01"]
[SourceQuality "1"]

1. d4 Nf6 2. Nf3 e6 3. e3 b6 4. Bd3 Bb7 5. O-O c5 6. c4 g6 $5 {An interesting
continuation,which is not so rare quest in tournament practice.} 7. Nc3 Bg7 8.
e4 (8. d5 exd5 9. cxd5 Nxd5 10. Nb5 $5 {For white side i offer to pay
attention for this game} (10. Nxd5 Bxd5 11. Bxg6 hxg6 12. Qxd5 Nc6 13. e4 Qe7 {
[%cal Ge7e6]} 14. Bf4 Rh5 $5 15. Qd2 O-O-O {[%cal Gd7d5]} 16. Rfe1 {[%cal
Ge1e7]} Ne5 17. Bxe5 Bxe5 18. h3 Bc7 {[%cal Gd7d5]} 19. b4 cxb4 20. Rac1 $44 {
1/2-1/2 Rashkovsky,N-Poluljahov,A/Cappelle 1995/EXT 95op2 (34)}) 10... O-O 11.
Nd6 Bc6 12. e4 Nc7 13. Bg5 Bf6 14. Qd2 $40 {1-0 Safin,S-Janssen,R/Dieren 1997/
EXT 97 (22)}) 8... cxd4 9. Nxd4 O-O (9... d6 {Was played in previous game in
this variation of the same opponents.} 10. f4 O-O 11. Nf3 Nbd7 12. Qe2 a6 13.
Kh1 Qc7 14. Bd2 Nc5 15. Bc2 Rac8 16. Rac1 Qb8 17. b4 Ncd7 18. Bd3 $14 {1-0
Malaniuk,V-Hracek,Z/Brno 1993/CBM 37 (46)}) 10. Be3 (10. Bg5 d6 11. Qd2 a6 12.
Rac1 Nbd7 13. Rfe1 Rc8 14. Bf1 Qc7 15. b3 Rfd8 $13 {1/2-1/2 Plaskett,J-Emms,J/
Hastings 1998/CBM 69_07 (18)}) (10. Re1 d6 11. Bf1 a6 12. b3 Nbd7 13. Bb2 Re8
14. Qc2 Qc7 15. Rad1 {1/2-1/2 Grivas,E-Razuvaev,Y/Cappelle 1995/EXT 95op2 (15)}
) 10... Nc6 $146 {Interesting novelty black tryies(sucsessfully in this game)
to provoke d7-d5 in one step.} (10... d6 11. f3 a6 12. Qd2 Nbd7 13. Rfd1 Rc8
14. Bf1 Re8 15. Rac1 Bf8 16. Kh1 Qc7 17. a3 Qb8 18. b4 Be7 19. Nb3 $14 {
1/2-1/2 Portisch,L-Poluljahov,A/Kropotkin 1995/CBM 47/[Hecht] (61)}) 11. Nxc6 (
11. f4 {- most critical move} d6 $142 {with complicated play} (11... d5 12.
cxd5 (12. Nxc6 $143 Bxc6 13. e5 d4 $1) 12... exd5 (12... Nxd5 $2 13. exd5 Nxd4
14. Bxg6 hxg6 15. Bxd4 exd5 16. f5 $40) 13. e5 Nxd4 14. Bxd4 Ne4 15. Qe2 $14) (
11... Ng4 12. Qxg4 (12. Nxc6 $2 dxc6 $1 (12... Qh4 $5) 13. Qxg4 Qxd3 $17 {
[%csl Gc3,Gc4]}) 12... Nxd4 {[%cal Gf7f5]} 13. e5 (13. f5 Nc6 {[%csl Ge5][%cal
Gc6e5]} 14. Rad1 Ne5 15. Qf4 {[%cal Gf5f6]}) 13... Nf5 {[%cal Gd7d6]} 14. Bxf5
exf5 15. Qd1 $14)) 11... Bxc6 12. Rc1 (12. f4 $143 d5 13. cxd5 exd5 14. e5 d4)
12... Qb8 $6 ({Here black missed opportunity to provoke d7-d5,for example} 
12... d5 13. cxd5 exd5 14. e5 d4 15. exf6 Qxf6 16. Ne4 Bxe4 17. Bxe4 Rae8 18.
Bc6 Re6 $11) 13. Qe2 $6 (13. f4 $1 d6 (13... d5 $140 $2 14. cxd5 exd5 15. e5
$16) (13... Qb7 14. e5 (14. Bd4 $2 Bxe4 $1 15. Bxf6 Bxd3 $17) 14... Ne8 15. Qe2
d6 16. b4 {[%cal Gb4b5]} Qe7 17. b5 Bb7 18. Bf2 {[%csl Ge8,Gg7] with advantage
for white}) 14. b4 (14. f5 $5) 14... Qb7 15. Qf3 {[%cal Gb4b5,Gf4f5] and black
position is not so comfortable,without one pair of knights.}) 13... d5 14. cxd5
exd5 15. Nxd5 Bxd5 (15... Nxd5 $143 16. Rxc6 Nxe3 17. fxe3 (17. Qxe3 Bxb2 18.
f4 $14) 17... Qe5 18. Bc4 $36 {[%csl Rf7]}) 16. exd5 Nxd5 17. Be4 Qe5 $11 18.
Bxd5 Qxd5 {[%csl Ga2] The position is absouletely equal and no wonder, that
opponents agreed with draw in a few moves.} 19. b3 Rac8 20. h3 Rxc1 21. Rxc1
Rd8 22. Qa6 {[%csl Ga7]} Be5 {[%cal Gd5d1]} 23. g3 Qd7 {[%csl Gh3]} 24. Kg2
Qd5+ 25. Kg1 Qd7 26. Kg2 1/2-1/2